00792nam a22002537a 45000010005000000030006000050050017000110080041000280200018000690400029000870500014001160820011001301000020001412450039001612600039002003000045002394900032002845050008003165200127003245210020004515210020004716500023004916500024005149422FISKH20260106123133.0260106b cb ||||| |||| 00| 0 eng d a9780545013154 aFISKHbengcFISKHdFISKH aPZ7.F37 I a813.54 aFarshtey , Greg aIsand of doom / cby Greg Farshtey aNew York : bScholastic , c2006 . a123 pages : billustrations ; c19 cm .  aLEGO Bionicle Legendsv (1) aP  aThe Toa Nuva must save an island from six powerful figures who might unleash an ancient evil in their pursuit of treasure.8 a650 bLexile 8 aP bRaz-Plus  aAbandonedvFiction aAdventure vFiction